| 000 | 00672nam a22001817a 4500 | ||
|---|---|---|---|
| 003 | JO-AjAnu | ||
| 005 | 20240909142207.0 | ||
| 008 | 240909b jo ||||| |||| 00| 0 ara d | ||
| 040 |
_aJO-AjAnu _bara _cJO-AjAnu |
||
| 041 | _hara | ||
| 100 |
_aملحم، مطلق احمد _eمؤلف _966164 |
||
| 245 |
_aروائع الأمثال في بلاد الشام من التراث العربي-(الأردن)، الجزء الاول _c/ مطلق احمد ملحم |
||
| 260 |
_aعمان: _bوزارة الثقافة، _c2017 |
||
| 300 | _a254 صفحة | ||
| 504 | _aيحتوي على صور | ||
| 650 | _vالأمثال الشعبية-بلاد الشام | ||
| 942 |
_2lcc _cBK _n0 |
||
| 999 |
_c33660 _d33660 |
||